| 000 | 00603nam a22002057a 4500 | ||
|---|---|---|---|
| 003 | OSt | ||
| 005 | 20250815091815.0 | ||
| 008 | 250815b |||||||| |||| 00| 0 eng d | ||
| 020 | _a0-538-82895-1. | ||
| 040 |
_aDWCL-Main Lib _cOC |
||
| 082 | _aCirc. 657.3 P915s 1994 | ||
| 100 | _aPratt, Jamie | ||
| 245 |
_aStudy guide : _bfinancial accounting _cJamie Pratt |
||
| 250 | _a2nd edition | ||
| 260 |
_aOhio : _bSouth-Western Publishing Co., _c c1994. |
||
| 300 |
_a320 pages : _billustration ; _c27cm. |
||
| 650 | _aAccounting | ||
| 700 | _aPratt, Jamie | ||
| 942 |
_2ddc _cBK-CIRC _e2nd edition _kCirc. _n0 |
||
| 999 |
_c3980 _d3980 |
||